000 01053nam a22002897a 4500
001 7823
003 FISKH
005 20250811132054.0
008 250811b cb ||||| |||| 00| 0 eng d
040 _aFISKH
_beng
_cFISKH
_dFISKH
050 _aC1
082 _a828
100 _aPunter, Russell
245 _aStories of monsters /
_cRussell Punter ; Illustrated by Mike Phillips
250 _aThis edition first published in 2007
260 _aLondon :
_bUsborne,
_c2004
300 _a48 pages :
_bcolor illustrations ;
_c20 cm
505 _aN
520 _a'Young Reading Series One' is designed for children just beginning to read and is aimed at helping them build confidence and ability. Re-issued in hardback, this Usborne series has been developed in consultation with early reading specialist Alison Kelly.
521 8 _a590
_bLexile
521 8 _aN
_bRaz-Plus
650 _2Usborne
_aShort stories
650 _2Halloween
_aMonsters--Fiction
700 _aPhillips, Mike
_dillustrator
942 _2ddc
_cBK
_n0
999 _c7823
_d7823